| 000 | 00996cad a22002535a 4500 | ||
|---|---|---|---|
| 001 | E151831 | ||
| 008 | 101214s2010 xxk f 100 0 eng d | ||
| 020 | _a9781842196199 | ||
| 035 | _a(Sirsi) u151831 | ||
| 041 | 0 | _aeng | |
| 100 | 1 | _aRua, Maria J. | |
| 111 | 2 |
_aConstruction and Building Research Conference _cDauphine Universite, Paris _d2-3 September 2010 |
|
| 245 | 0 | 0 |
_aImpact of the urban landscape on residential housing prices in Valencia, Spain _h[electronic resource] |
| 260 |
_aLondon _bRICS _c2010 |
||
| 520 | _aA paper presented at the COBRA Conference in Paris on 2-3 September 2010. | ||
| 590 | _aKA | ||
| 650 | 2 | 4 | _aCONSTRUCTION AND BUILDING RESEARCH CONFERENCE (COBRA) |
| 651 | 4 | _aSpain | |
| 690 | _aPROPERTY-RESIDENTIAL PROPERTY-RESIDENTIAL PROPERTY MARKET | ||
| 700 | 1 | _aGuadalajara, Natividad | |
| 700 | 1 | _aDe la Poza, Elena | |
| 856 | 4 | 0 |
_uhttps://www.rics.org/site/scripts/download_info.aspx?fileID=8124&categoryID=720 _zBroken link - not available |
| 942 | _n0 | ||
| 999 |
_c111656 _d111656 |
||